000 00463nam a22001697a 4500
005 20251108170858.0
008 250721s1998 xx 000 0 ara d
082 1 4 _a211.964/أحم
100 1 _aالعلاونة، أحمد قاسم
245 1 0 _aمعجزة القرآن في الخلق و التخلق /
264 _c1998.
300 _a114ص
650 1 7 _aإعجاز القرآن
650 1 7 _aعلم الأجنة
942 _2ddc
_cBK
999 _c51162
_d51162